Biogeografía
Guardat en:
| Autors principals: | , |
|---|---|
| Format: | Llibre |
| Idioma: | espanyol |
| Publicat: |
Barcelona
Oikos-Tau
1978
|
| Edició: | 2a. ed |
| Matèries: | |
| Etiquetes: |
Afegir etiqueta
Sense etiquetes, Sigues el primer a etiquetar aquest registre!
|
MARC
| LEADER | 00000nam a2200000 a 4500 | ||
|---|---|---|---|
| 001 | UCU3575 | ||
| 003 | CL-VaPUC | ||
| 008 | 960510e19780000SP |||||||||||||||||spa|d | ||
| 082 | 0 | 4 | |a 578.09 |b LAC |2 21 |
| 100 | |a Lacoste, Alain |e author |9 448949 | ||
| 700 | 0 | |a Salanon, Robert |e author |9 360589 | |
| 245 | 1 | 0 | |a Biogeografía |
| 250 | |a 2a. ed | ||
| 300 | |a 271 p | ||
| 942 | |c BK | ||
| 945 | |d 19960510 00:00:00 |a cmena | ||
| 260 | |a Barcelona |b Oikos-Tau |c 1978 | ||
| 650 | 0 | |a Geografía |9 259346 | |
| 650 | 7 | |a BIOSFERA |2 CL-VaPUC |9 264378 | |
| 650 | 7 | |a FITOGEOGRAFIA |2 CL-VaPUC |9 264646 | |
| 650 | 7 | |a ESTRUCTURAS DEMOGRAFICAS |2 CL-VaPUC |9 360590 | |
| 650 | 7 | |a OCEANOLOGIA |2 CL-VaPUC |9 360591 | |
| 650 | 0 | |a Climatología |9 262302 | |
| 650 | 0 | |a Suelos |9 260322 | |
| 650 | 0 | |a Geología |9 260984 | |
| 583 | |a last modification |c 19960510 00:00:00 |k Rodrigo Vera | ||
| 999 | |c 247530 |d 247528 | ||
| 952 | |0 0 |1 0 |4 0 |6 578_090000000000000_LAC_1978 |7 0 |8 A |9 263513 |a BIBING |b BIBING |d 2019-11-19 |i 165053K |o 578.09 LAC 1978 |p 165053K |r 2025-01-20 |w 2019-11-19 |y BK |k GEO | ||